Govt. of
Madhya Pradesh

Normal view MARC view

Entry Personal Name

Number of records used in: 1

001 - CONTROL NUMBER

  • control field: 69282

003 - CONTROL NUMBER IDENTIFIER

  • control field: OSt

005 - DATE AND TIME OF LATEST TRANSACTION

  • control field: 20170929131656.0

008 - FIXED-LENGTH DATA ELEMENTS

  • fixed length control field: 170929|| aca||aabn | a|a d

040 ## - CATALOGING SOURCE

  • Original cataloging agency: OSt
  • Transcribing agency: OSt

100 ## - HEADING--PERSONAL NAME

  • Personal name: झा ,डाॅ .भीमकुमार

670 ## - SOURCE DATA FOUND

  • Source citation: Work cat.: (OSt)45386: झा ,डाॅ .भीमकुमार , होमियो -बायो लक्षण संग्रह एंव चिकित्‍सा सूत्र , 2011